000 00678nam a22001577a 4500
003 OSt
005 20150927155856.0
008 150927b xxu||||| |||| 00| 0 eng d
040 _cRUA
082 _aAGR NGE 2011 B050 Or.1
100 _91443
_aNGET, SOPHA
245 _aComparison of irrigation systems on tomato neang phech variety on sandy loam soil connectior, ប្រៀបធៀបបច្ចេកទេសស្រោចស្រពលើដំណាំប៉េងប៉ោះពូជនាងពេជ្រ លក្ខខណ្ឌដីល្បាយខ្សាច់
260 _aPhnom Penh
_bRUA
_c2011
300 _axiii, 38p.
_bill.
_c29cm.
942 _2ddc
_cAGR
999 _c1355
_d1355